[Event "XII Figueira da Foz Open 2018"]
[Site "Figueira da Foz"]
[Date "2018.11.04"]
[Round "9"]
[White "Garcia Dorado, Alberto"]
[Black "Guerreiro, Nuno"]
[Result "1-0"]
[WhiteElo "2206"]
[BlackElo "2069"]
[Annotator "TA"]
[PlyCount "157"]
[EventDate "2018.10.30"]
[EventType "swiss"]
[EventCountry "POR"]
[SourceTitle "playchess.com"]
[Source "ChessBase"]
[SourceQuality "1"]

{[%evp 13,157,20,28,12,7,0,13,12,13,0,0,0,26,12,17,-10,0,0,0,13,5,9,7,-26,34,19,35,25,33,25,65,58,66,47,64,54,83,77,99,55,44,19,52,30,47,-25,0,0,52,-35,45,15,58,53,61,66,62,69,70,58,72,64,61,34,36,35,49,0,0,0,0,0,44,0,0,0,0,0,0,0,0,0,0,0,0,0,0,0,175,175,159,171,223,220,226,217,252,252,245,246,428,266,267,241,232,236,254,241,271,167,247,231,245,242,298,250,266,254,254,254,470,440,437,403,623,693,563,524,428,420,834,792,806,821,2519,2018,5401,4982,1510,1321,5401,5030,29969,29970,29970,29971]} 1. d4 c5 2. e3 Nf6 3. Nf3 {[%cal Bg1f3,Bf3e5,Be5d3,Bd3f4][%mdl 32]} g6 4. Be2 Bg7 5. O-O cxd4 (5... b6 6. b3 O-O 7. Bb2 Bb7 8. c4 cxd4 9. Nxd4 d5 10. Nc3 dxc4 11. Bxc4 a6 12. Be2 e5 13. Nc2 Nbd7 14. Rc1 Re8 15. Qd2 Nc5 16. Qxd8 Raxd8 17. Rfd1 Nfe4 18. Nxe4 Bxe4 {½-½ (18) Burmakin,V (2526)-Bauer,C (2647) Zuerich 2017}) 6. exd4 {A48: Königsindisch (ohne c2-c4)} O-O 7. c3 d5 {LiveBook: 10 Partien} 8. Ne5 {Weiß hat minimalen Vorteil.} Nc6 9. Nd3 $146 ({Vorgänger:} 9. f4 Ne4 10. Nd2 Nd6 11. Bf3 e6 {0-1 (43) Issa,R (2368)-Omar,N (2317) Sharjah 2018}) 9... h6 10. Nd2 Bf5 11. Nb3 Ne4 12. Nf4 Qd6 13. f3 Nf6 14. g4 Bc8 15. Nd3 e5 16. dxe5 Nxe5 17. Nxe5 Qxe5 18. Bd2 {[%cal Bc1d2,Bd2e3,Be3d4,Bd4e5][%mdl 32]} Kh7 (18... h5 $11) 19. Re1 Qc7 20. Be3 $36 {[%mdl 2048] Weiss hat Initiative.} Be6 21. Bd4 Ne8 22. Bf1 b6 23. Bd3 Bd7 24. Qe2 Nf6 25. Be5 Qb7 26. Nd4 Rae8 27. Qf1 Qc8 28. Ba6 Qd8 29. Nb5 (29. Bg3 $14) 29... Re6 (29... Nh5 $11 30. Bxg7 Nxg7) 30. Nd4 $14 Ree8 31. Re2 (31. Bg3 $14) 31... Rg8 (31... b5 $15 32. Ree1 (32. Bxb5 Bxb5 33. Nxb5 Rxe5 $11) 32... b4) 32. Rae1 Rgf8 33. Qg2 Ng8 34. Qg3 Bxe5 35. Rxe5 Nf6 36. Bd3 Rxe5 37. Rxe5 Re8 38. Qe1 Qc7 39. Re7 Kg8 40. Qe3 Rxe7 $1 41. Qxe7 Qf4 42. Kg2 Kg7 43. Bb5 {[#]} Nxg4 $1 {[%mdl 512]} 44. fxg4 Qxg4+ 45. Kf2 Bxb5 46. Qe5+ f6 $1 {[%cal Rf6e5]} 47. Qe7+ Kg8 48. Nxb5 {Droht Dd8+ und aus.} Qf4+ 49. Kg2 Qd2+ 50. Kf1 Qc1+ $2 (50... Qf4+ $11 {und Schwarz muss sich keine Sorgen machen.} 51. Kg2 Qg4+ 52. Kf1 Qf4+ 53. Kg2) 51. Qe1 $18 Qf4+ {[#]} 52. Qf2 $1 {[%cal Rf2f4]} Qc4+ (52... Qc1+ $142 53. Kg2 Kg7) 53. Qe2 Qf4+ 54. Kg2 {Schwarz muss nun De8+ beachten.} Qg5+ 55. Kf3 Qf5+ 56. Ke3 Qg5+ $2 (56... Qd7 57. Nd4 Kf7) 57. Kd3 Qf5+ 58. Kd4 {De8+ ist eine echte Drohung.} Qd7 59. Na3 Kf7 60. Qf3 Qa4+ 61. Kd3 Qc6 (61... Kg7 {war angesagt.} 62. Kd2 (62. Qxd5 Qd1+ 63. Kc4 Qa4+ 64. Kd3 Qd1+ 65. Kc4 Qa4+ 66. Kd3 $11) 62... h5) 62. b3 h5 63. Nc2 h4 64. Nb4 Qb5+ 65. Kc2 d4 66. Qb7+ Kg8 $2 (66... Kf8) 67. Qd5+ Qxd5 68. Nxd5 dxc3 (68... Kf7 $142 69. cxd4 g5) 69. Nxf6+ {[%mdl 4096] Endspiel KS-KB} Kf7 70. Ne4 Ke6 71. Nxc3 Ke5 (71... Kf5 $142 72. Kd2 Kg4) 72. Kd3 g5 73. Ke3 g4 74. Ne2 b5 75. Nf4 Kf5 76. Nd5 Ke5 77. Nc7 h3 78. Kf2 b4 79. Na6 {Precision: Weiß = 53%, Schwarz = 34%.} 1-0

[Event "XII Figueira da Foz Open 2018"]
[Site "Figueira da Foz"]
[Date "2018.11.04"]
[Round "9"]
[White "Roettgen, Juergen"]
[Black "Morais, Vitor"]
[Result "1/2-1/2"]
[WhiteElo "2169"]
[BlackElo "1918"]
[Annotator "TA"]
[PlyCount "124"]
[EventDate "2018.10.30"]
[EventType "swiss"]
[EventCountry "POR"]
[SourceTitle "playchess.com"]
[Source "ChessBase"]
[SourceQuality "1"]

{[%evp 20,124,52,0,-5,-39,22,-4,0,0,0,0,-1,-135,3,-2,32,20,25,0,0,0,0,0,0,0,6,1,2,-118,92,42,49,42,44,20,65,90,116,108,104,84,104,71,133,0,0,0,-2,0,0,-16,-6,-5,0,0,0,0,0,0,23,23,23,8,8,8,36,36,69,69,69,69,69,69,69,69,69,69,69,69,69,36,36,23,23,0,0,0,0,0,0,0,0,0,0,0,8,0,0,0,0,8,8,8,8,8,8]} 1. c4 c5 2. Nc3 Nf6 3. Nf3 Nc6 4. e3 d5 5. d4 e6 6. a3 cxd4 7. exd4 dxc4 8. Bxc4 Be7 9. O-O O-O 10. Re1 a6 11. b4 (11. Bf4 $14) 11... b5 $11 {D26: Queen's Gambit Accepted: 4 e3 e6 5 Bxc5 c5 sidelines} (11... Qc7 12. Qb3 b5 13. Bd3 Bb7 14. Ne2 Bd6 15. Bg5 Nd5 16. Rac1 h6 17. Bd2 Qb6 18. Bb1 Nce7 19. Qd3 {1-0 (42) Bazant,P (2303)-Fiala,V (2145) Czechia 2009}) 12. Bb3 Bb7 (12... a5 $15) 13. d5 $146 ({Predecessor:} 13. h3 Rc8 14. Bb2 Nb8 15. Ng5 Nd5 16. Nge4 Nxc3 17. Nxc3 Bf6 18. Ne4 Bxe4 19. Rxe4 {½-½ (47) Gudmundsson,G (1148)-Wernberg,H (1669) Drammen 2017}) 13... exd5 14. Nxd5 Nxd5 15. Bxd5 Bf6 16. Ra2 {[#]} (16. Rb1 $11) 16... Rc8 ({Black should try} 16... Nxb4 $1 $17 {[%mdl 512]} 17. Bxb7 (17. axb4 Qxd5) 17... Qxd1 18. Rxd1 Nxa2 19. Bxa8 Rxa8) 17. Bb2 Rc7 18. Bxf6 Qxf6 19. Qb3 Rd7 {White must now prevent ...Nd4.} 20. Rd2 h6 21. Red1 Rfd8 22. h3 g5 23. Qe3 {With the idea Nh2.} Kg7 24. Qc5 {[#]} (24. h4 $11 {keeps the balance.}) 24... h5 $2 (24... Ne5 $1 $17 {and life is bright.} 25. Nxe5 Qxe5) 25. Bxc6 Rxd2 $1 26. Rxd2 Rxd2 27. Bxb7 Rd1+ 28. Kh2 g4 29. hxg4 ({Reject} 29. Qxh5 gxf3 30. Qg4+ Kf8 $11) 29... hxg4 {[#]} 30. Qg5+ $1 Qxg5 31. Nxg5 Ra1 (31... a5 $142) 32. Ne4 ({Only move:} 32. Bxa6 $16 Rxa3 33. Bxb5) 32... Rxa3 33. Nc5 a5 34. bxa5 Rxa5 35. Nb3 Ra3 36. Bd5 $1 f5 37. Nd4 Kf6 {And now ...Rd3 would win.} 38. Nxb5 Ra5 39. Bc4 Kg5 40. g3 Ra4 41. Bd3 Ra2 42. Kg2 Ra5 43. Nd4 Rd5 44. Ne6+ Kf6 45. Nf4 Ra5 46. Kf1 Ra2 47. Ng2 {Threatens to win with Ne3.} Rd2 48. Be2 Ra2 49. Ne3 {Bd3 is the strong threat.} Ra1+ 50. Kg2 Kg5 51. Bd3 Ra5 52. Bxf5 (52. Nc2 {is interesting.} f4 53. gxf4+ Kxf4 54. Nd4 Ra2 55. Ne2+) 52... Rxf5 {The position is equal.} 53. Nxf5 Kxf5 {[%mdl 4096] Endgame KPP-KP} 54. Kf1 Ke5 55. Ke1 Kd5 56. Kd1 Ke5 57. Ke2 Ke4 58. Kd2 {Strongly threatening Ke2.} Kd4 59. Ke2 Ke4 60. f4 gxf3+ 61. Kf2 Ke5 62. Kxf3 {Kg4 would kill now.} Kf5 {Precision: White = 44%, Black = 51%.} 1/2-1/2

[Event "XII Figueira da Foz Open 2018"]
[Site "Figueira da Foz"]
[Date "2018.11.04"]
[Round "9"]
[White "Santos, Antonio P"]
[Black "Goncalves, Lucas Jordao"]
[Result "1-0"]
[WhiteElo "2155"]
[BlackElo "1401"]
[Annotator "TA"]
[PlyCount "83"]
[EventDate "2018.10.30"]
[EventType "swiss"]
[EventCountry "POR"]
[SourceTitle "playchess.com"]
[Source "ChessBase"]
[SourceQuality "1"]

{[%evp 16,83,45,44,60,47,41,37,36,35,53,58,109,105,110,93,100,102,102,96,122,104,137,127,127,120,194,142,141,142,145,142,162,92,97,97,90,-37,80,54,133,152,197,200,194,179,188,197,193,191,208,193,211,190,314,293,705,738,714,672,1302,1088,1049,1049,1985,1899,29989,29990,29998,29999]} 1. d4 d5 2. c4 e6 3. Nc3 Nf6 4. Bg5 c6 5. e3 Be7 6. Nf3 Nbd7 {[%cal Bb8d7,Bd7b6,Bb6d5][%mdl 32]} 7. Qc2 h6 8. Bf4 dxc4 9. Bxc4 Nb6 {D53: Queen's Gambit Declined: 4 Bg5 Be7: Early deviations} (9... b5 10. Bd3 Bb7 11. O-O O-O 12. e4 a5 13. e5 Nd5 14. Nxd5 exd5 15. Rfe1 c5 16. Bxb5 cxd4 17. Nxd4 {1-0 (41) Granados Gomez,M (2355)-Alonso Garcia,R (2355) Lloret del Mar 1997}) 10. Bb3 Nbd5 11. Be5 O-O {White is slightly better.} 12. O-O Nd7 13. Bg3 N7b6 (13... N7f6 $14) 14. Rfd1 $146 ({Predecessor:} 14. a3 Bd7 15. Ne5 Rc8 16. Qd3 f5 17. e4 Nxc3 18. bxc3 f4 {0-1 (33) Diaz Calles,F-Raya Bailen,M Valladolid 1994}) 14... Bd6 15. Bxd6 Qxd6 16. Ne4 Qc7 17. Rac1 Bd7 18. a3 $36 {[%mdl 2048] Keeping Black busy.} Rac8 19. Ba2 Rfd8 20. Bb1 g6 (20... Be8 $16 {is a better defense.}) 21. Ne5 (21. Nc5 $18) 21... Be8 22. Nc5 Qe7 23. Qd2 {Threatens to win with e4.} Kg7 24. Qa5 (24. e4 $18) 24... Rc7 25. e4 Nf4 26. Qe1 ({But not} 26. Qxa7 $2 Nc8 $19) (26. Kf1 $16) 26... f6 (26... Qg5 $15 {stays ahead.} 27. g3 Rxd4 28. Rxd4 Ne2+ 29. Kg2 Qxe5) 27. Nf3 e5 ({Better is} 27... Nd7 $14) 28. g3 Ne6 {[%cal Re6d4]} 29. dxe5 Rxd1 30. exf6+ ({Inferior is} 30. Qxd1 Nxc5 31. exf6+ Qxf6 $11) 30... Qxf6 31. Nxe6+ ({Worse is} 31. Qxd1 Nxc5 32. Rxc5 Qxb2 $11) 31... Qxe6 32. Rxd1 {[%cal Bc1d1,Bd1d6,Bd6g6][%mdl 32]} Qf6 33. Qe2 Rf7 34. Nh4 Nd7 (34... Rd7 {keeps fighting.}) 35. f4 $18 {[#] Black must now prevent e5.} Nb6 $2 (35... Re7 36. e5 Nxe5 37. fxe5 Qxe5 38. Qxe5+ Rxe5) 36. e5 {[%cal Be4e5,Be5e6,Be6f7][%mdl 32]} Qe6 37. Rd6 Qb3 38. Rxg6+ Kf8 39. e6 Qd5 40. exf7 {[%csl Ge2][%cal Rf7e8] [#]} Bd7 41. Rxh6 Bh3 42. Qe8+ {Precision: White = 68%, Black = 36%.} 1-0

[Event "XII Figueira da Foz Open 2018"]
[Site "Figueira da Foz"]
[Date "2018.11.04"]
[Round "9"]
[White "Dias, Ricardo Pedro Cruz"]
[Black "Margarido, Jose Miguel Teixeir"]
[Result "1/2-1/2"]
[WhiteElo "2098"]
[BlackElo "2121"]
[Annotator "TA"]
[PlyCount "75"]
[EventDate "2018.10.30"]
[EventType "swiss"]
[EventCountry "POR"]
[SourceTitle "playchess.com"]
[Source "ChessBase"]
[SourceQuality "1"]

{[%evp 22,75,46,3,38,0,0,-57,-44,-49,-31,-25,-14,-29,-15,-22,-36,-27,-7,-16,-1,-41,-39,-54,-10,-86,0,-8,-18,-99,-99,-99,-94,-220,-116,-177,-135,-319,-323,-314,-306,-432,-412,-400,-361,-358,-317,-856,-843,-790,-602,-566,-461,-934,0,-558]} 1. e4 c5 2. Nf3 e6 3. d4 cxd4 4. Nxd4 Nc6 5. Nc3 a6 6. g3 d6 7. Bg2 Bd7 8. O-O Nf6 9. Be3 Be7 10. a4 O-O 11. f4 {B80: Sicilian Scheveningen: 6 g3 and 6 Be3, including English Attack} (11. Qe2 Rc8 12. Rfd1 Qc7 13. Nxc6 Bxc6 14. a5 Nd7 15. f4 Bf6 16. Qd2 Bxc3 17. Qxc3 Rfe8 18. Qb4 d5 {½-½ (54) Quesada Perez,Y (2636)-Saric,I (2668) Monzon 2016}) 11... Qc7 12. Qe2 {LiveBook: 3 Games} Rfe8 13. Kh1 {White is slightly better.} Rac8 14. h3 $146 (14. Nb3 $11) ({Predecessor:} 14. Bg1 Bf8 15. Nxc6 Bxc6 16. a5 Nd7 17. Qc4 Qb8 18. Qa2 {0-1 (45) Nevostrujev,V (2410)-Prokopchuk,E (2500) Maikop 1998}) 14... Nxd4 $15 15. Bxd4 Bc6 16. Rad1 Nd7 17. g4 e5 18. Be3 exf4 19. Bxf4 Ne5 20. Qf2 Bf8 21. a5 g6 22. b3 Bg7 23. Ne2 (23. Nd5 $11 Bxd5 24. Rxd5) 23... Re7 ({Black should try} 23... Qxa5 $17 24. Rxd6 Rcd8 25. Rxd8 Rxd8) 24. Qh4 Rd7 25. Bh6 (25. Qe1 $11) 25... Bxh6 $17 26. Qxh6 Qxa5 27. Rf6 {[#]} (27. Qe3 $17) 27... Qc5 ({Black should play} 27... d5 $1 $19 28. Qf4 dxe4 29. Rxd7 Bxd7 30. Bxe4 Be6) 28. c4 (28. Nd4 $17 {might work better.}) 28... Re8 29. Nf4 $2 (29. Qd2 $17) 29... Qe3 $19 30. Rf1 Bxe4 31. g5 (31. Bxe4 {keeps fighting.} Qxe4+ 32. Ng2) 31... Bxg2+ 32. Kxg2 {Threatens to win with Nd5.} Qe4+ 33. Kg3 {[#] intending Nd5.} d5 $1 {[%cal Rd5c4]} ({Don't do} 33... Qe3+ 34. Kg2 $19) 34. Ne6 $2 (34. Nxd5 Rxd5 35. cxd5) 34... Rxe6 35. Rxe6 Qe3+ 36. Kg2 {[%cal Re6e8]} Qe2+ 37. Kg3 (37. Kg1 $142 Rd8 38. Ref6 dxc4 39. bxc4) 37... Qe3+ 38. Kg2 {[%mdl 32768] Precision: White = 14%, Black = 45%. . An unexpected result.} 1/2-1/2

[Event "XII Figueira da Foz Open 2018"]
[Site "Figueira da Foz"]
[Date "2018.11.04"]
[Round "9"]
[White "Fernandes, Joao Pedro Murtinho"]
[Black "Fernandes, Ricardo Paulos"]
[Result "1/2-1/2"]
[WhiteElo "2067"]
[BlackElo "2098"]
[Annotator "NA RC"]
[PlyCount "66"]
[EventDate "2018.10.30"]
[EventType "swiss"]
[EventCountry "POR"]
[SourceTitle "playchess.com"]
[Source "ChessBase"]
[SourceQuality "1"]
[TimeControl "40/5400+30:1800+30"]

1. e4 {[%emt 0:00:00]} c5 {[%emt 0:00:36]} 2. Nf3 {[%emt 0:00:17]} d6 {[%emt 0:00:04]} 3. d4 {[%emt 0:00:19]} cxd4 {[%emt 0:00:05]} 4. Nxd4 {[%emt 0:00:05]} Nf6 {[%emt 0:00:03]} 5. Nc3 {[%emt 0:00:07]} g6 {[%emt 0:00:03]} 6. Be3 {[%emt 0:00:28]} Bg7 {[%emt 0:00:05]} 7. f3 {[%emt 0:00:11]} Nc6 {[%emt 0:00:31]} 8. Qd2 {[%emt 0:00:18]} O-O {[%emt 0:00:07]} 9. Bc4 {[%emt 0:00:12]} Bd7 {[%emt 0:00:06]} 10. O-O-O {[%emt 0:00:22]} Rc8 {[%emt 0:00:02]} 11. Bb3 {[%emt 0:00:12]} Nxd4 {[%emt 0:00:05]} 12. Bxd4 {[%emt 0:00:10]} b5 {[%emt 0:00:04]} 13. Nd5 {[%emt 0:14:31]} Nxd5 {[%emt 0:00:16]} 14. Bxg7 {[%emt 0:00:14]} Kxg7 {[%emt 0:00:05]} 15. Bxd5 {[%emt 0:02:29]} a5 {[%emt 0:23:24]} 16. h4 {[%emt 0:14:26]} h6 {[%emt 0:10:39]} 17. h5 {[%emt 0:08:29]} g5 {[%emt 0:00:42]} 18. a3 {[%emt 0:03:12]} Rc5 {[%emt 0:18:56]} 19. f4 {[%emt 0:10:50]} f6 {[%emt 0:09:35]} 20. fxg5 {[%emt 0:05:02]} hxg5 {[%emt 0:02:30]} 21. Qd3 {[%emt 0:06:57]} e5 {[%emt 0:01:01]} 22. b4 {[%emt 0:03:44]} Rc7 {[%emt 0:05:16]} 23. Kb2 {[%emt 0:01:00]} Qb8 {[%emt 0:18:25]} 24. Rd2 {[%emt 0:05:46]} Qa7 {[%emt 0:02:50]} 25. Qb3 {[%emt 0:05:59]} Rfc8 {[%emt 0:01:25]} 26. h6+ {[%emt 0:00:30]} Kh7 {[%emt 0:00:29]} 27. Bg8+ {[%emt 0:00:39]} Kh8 {[%emt 0:00:46]} 28. Qf7 {[%emt 0:05:07]} Bg4 {[%emt 0:02:36]} 29. Qxf6+ {[%emt 0:00:35]} Kxg8 {[%emt 0:00:03]} 30. Qxg5+ {[%emt 0:00:36]} Kh8 {[%emt 0:00:13]} 31. Qxg4 {[%emt 0:06:32]} Qe3 {[%emt 0:00:06]} 32. Qf3 {[%emt 0:02:25]} Qxd2 {[%emt 0:00:26]} 33. Qf6+ {[%emt 0:00:07]} Kh7 {[%emt 0:00:37]} 1/2-1/2

[Event "XII Figueira da Foz Open 2018"]
[Site "Figueira da Foz"]
[Date "2018.11.04"]
[Round "9"]
[White "Fernandes, Miguel A. Murtinho"]
[Black "Elissalt Cardenas, Hector"]
[Result "1/2-1/2"]
[WhiteElo "2048"]
[BlackElo "2316"]
[Annotator "TA"]
[PlyCount "102"]
[EventDate "2018.10.30"]
[EventType "swiss"]
[EventCountry "POR"]
[SourceTitle "playchess.com"]
[Source "ChessBase"]
[SourceQuality "1"]

{[%evp 12,102,12,8,27,31,28,22,16,8,13,8,15,2,-5,-25,-17,-29,-34,-6,-5,-12,6,5,2,6,248,256,260,245,256,235,238,243,249,233,237,241,233,218,245,228,272,234,249,247,241,241,258,231,236,239,246,247,247,254,277,250,290,279,344,292,275,35,34,5,8,0,0,0,0,0,0,0,0,0,-8,-8,0,0,0,0,0,0,0,0,0,0,0,0,0,0,0]} 1. d4 Nf6 2. c4 e6 3. Nf3 b6 4. a3 Bb7 5. Nc3 d5 6. cxd5 exd5 7. Bf4 {LiveBook: 178 Games. E12: Queen's Indian: Unusual White 4th moves, 4 a3, 4 Nc3 Bb7 5 a3 and 4 Nc3 Bb7} a6 8. e3 Bd6 9. Bxd6 {White has an edge.} Qxd6 10. Bd3 Nbd7 11. O-O O-O 12. Nh4 $146 ({Predecessor:} 12. b4 g6 13. Qb3 Rfe8 14. Rfc1 Reb8 15. Bf1 Kg7 16. a4 c6 {1-0 (26) Andreikin,D (2737)-Castellanos Rodriguez,R (2491) Tallinn 2016}) 12... g6 13. f4 Rae8 14. Re1 c5 15. Nf3 c4 16. Bc2 b5 17. Ne5 Bc6 18. g4 Ne4 $2 {[#]} (18... a5 $11) 19. Bxe4 $1 $18 dxe4 20. d5 Nxe5 21. fxe5 Rxe5 {[%cal Rc6d5]} 22. dxc6 Qxc6 23. Rf1 h5 24. Rf4 hxg4 25. Qd4 ({Resist} 25. Rxg4 $6 Qf6) 25... Rfe8 26. Rxg4 Qe6 27. Rg3 Rf5 28. Rf1 Rxf1+ 29. Kxf1 Qf5+ 30. Kg2 Re6 {intending ...Rf6.} 31. Ne2 ({But not} 31. Qd8+ $6 Kg7 $16) 31... Qe5 32. h4 Qxd4 33. Nxd4 {[%mdl 4096] Endgame KRN-KR} Rb6 34. Kh3 Kh7 35. Rg5 Kh6 36. Re5 b4 37. Rxe4 $2 ({White should try} 37. a4 $18) 37... c3 $1 $14 {[%cal Rc3b2]} 38. bxc3 b3 $1 {[%cal Rb3b2] The position is equal.} 39. Nxb3 Rxb3 $11 {KR-KR} 40. a4 Rxc3 41. Kg3 f5 42. Re6 Ra3 43. Rxa6 Rxe3+ 44. Kf2 Re4 {[#] Hoping for ...Kh5.} 45. Ra8 $1 Rc4 ({Wrong is} 45... Rxh4 $2 46. Rh8+ Kg5 47. Rxh4 $18) 46. Kf3 Rc3+ 47. Kf4 Rc1 48. a5 Rc4+ 49. Kf3 Rc3+ 50. Kf4 Rc4+ 51. Kf3 Rc3+ {Precision: White = 68%, Black = 50%.} 1/2-1/2

[Event "XII Figueira da Foz Open 2018"]
[Site "Figueira da Foz"]
[Date "2018.11.04"]
[Round "9"]
[White "Felizes, Paulo"]
[Black "Adams, Philip"]
[Result "0-1"]
[WhiteElo "1965"]
[BlackElo "1980"]
[Annotator "NA RC"]
[PlyCount "60"]
[EventDate "2018.10.30"]
[EventType "swiss"]
[EventCountry "POR"]
[SourceTitle "playchess.com"]
[Source "ChessBase"]
[SourceQuality "1"]
[TimeControl "40/5400+30:1800+30"]

1. d4 e6 2. Nf3 Nf6 3. Bg5 c5 4. e4 cxd4 5. e5 h6 6. Bh4 g5 7. Bg3 Ne4 8. Qxd4 Nxg3 9. hxg3 Nc6 10. Qe3 g4 11. Nfd2 Qa5 12. Rh5 f5 13. Nc3 Qxe5 14. Nb5 Kf7 15. O-O-O Qxe3 16. fxe3 a6 17. Nc3 d5 18. Na4 b5 19. Nb6 Rb8 20. Nxc8 Rxc8 21. a4 bxa4 22. Bxa6 Rc7 23. Kb1 Bg7 24. e4 fxe4 25. Be2 Rb8 26. b3 Nd4 27. Bxg4 axb3 28. c4 Nc2 29. Rf1+ Ke7 30. Nxb3 Ne3 0-1

[Event "XII Figueira da Foz Open 2018"]
[Site "Figueira da Foz"]
[Date "2018.11.04"]
[Round "9"]
[White "Lopez de Turiso, Jose Angel"]
[Black "Puglia, Francesco"]
[Result "1/2-1/2"]
[WhiteElo "1933"]
[BlackElo "1803"]
[Annotator "NA RC"]
[PlyCount "89"]
[EventDate "2018.10.30"]
[EventType "swiss"]
[EventCountry "POR"]
[SourceTitle "playchess.com"]
[Source "ChessBase"]
[SourceQuality "1"]
[TimeControl "40/5400+30:1800+30"]

1. e4 {[%emt 0:00:00]} c5 {[%emt 0:00:00]} 2. c3 {[%emt 0:00:00]} Nf6 {[%emt 0:00:13]} 3. e5 {[%emt 0:00:09]} Nd5 {[%emt 0:00:06]} 4. d4 {[%emt 0:00:14]} cxd4 {[%emt 0:00:20]} 5. Nf3 {[%emt 0:00:08]} d6 {[%emt 0:03:53]} 6. Bc4 {[%emt 0:14:06]} dxe5 {[%emt 0:14:03]} 7. Nxe5 {[%emt 0:03:24]} e6 {[%emt 0:00:52]} 8. Qxd4 {[%emt 0:05:12]} Be7 {[%emt 0:10:14]} 9. Nd2 {[%emt 0:09:46]} O-O {[%emt 0:02:27]} 10. O-O {[%emt 0:06:35]} Nc6 {[%emt 0:00:53]} 11. Nxc6 {[%emt 0:04:59]} bxc6 {[%emt 0:00:02]} 12. Nf3 {[%emt 0:01:17]} Qb6 {[%emt 0:12:08]} 13. Qe4 {[%emt 0:03:31]} Bb7 {[%emt 0:10:14]} 14. Bg5 {[%emt 0:08:59]} c5 {[%emt 0:05:06]} 15. Qh4 {[%emt 0:08:38]} Bxg5 {[%emt 0:02:31]} 16. Nxg5 {[%emt 0:01:11]} Nf6 {[%emt 0:00:29]} 17. Rfe1 {[%emt 0:02:56]} Qxb2 {[%emt 0:13:42]} 18. Rab1 {[%emt 0:16:24]} Qxc3 {[%emt 0:03:42]} 19. Rec1 {[%emt 0:00:12]} Qd2 {[%emt 0:01:53]} 20. Rd1 {[%emt 0:01:59]} Qa5 {[%emt 0:07:57]} 21. Rxb7 {[%emt 0:01:01]} Rae8 {[%emt 0:00:19]} 22. h3 {[%emt 0:03:55]} Qa4 {[%emt 0:02:37]} 23. Rdd7 {[%emt 0:03:12]} h6 {[%emt 0:00:03]} 24. Rxf7 {[%emt 0:01:13]} Qd1+ {[%emt 0:00:41]} 25. Kh2 {[%emt 0:00:26]} Qd6+ {[%emt 0:00:27]} 26. g3 {[%emt 0:00:45]} Rxf7 {[%emt 0:01:31]} 27. Nxf7 {[%emt 0:00:26]} Qc6 {[%emt 0:00:34]} 28. Rb1 {[%emt 0:02:12]} Qf3 {[%emt 0:03:31]} 29. Rf1 {[%emt 0:01:00]} Kxf7 {[%emt 0:00:20]} 30. Bb3 Nd5 {[%emt 0:00:58]} 31. Qc4 {[%emt 0:00:56]} Qc3 {[%emt 0:01:35]} 32. Qe4 {[%emt 0:00:24]} Qd4 {[%emt 0:00:28]} 33. Bxd5 {[%emt 0:00:06]} exd5 {[%emt 0:00:20]} 34. Qf5+ Kg8 {[%emt 0:00:16]} 35. h4 {[%emt 0:01:12]} Rf8 {[%emt 0:00:11]} 36. Qe6+ {[%emt 0:00:12]} Kh8 {[%emt 0:00:02]} 37. Kg2 {[%emt 0:00:07]} Qe4+ {[%emt 0:00:04]} 38. Qxe4 {[%emt 0:00:05]} dxe4 {[%emt 0:00:02]} 39. Rc1 {[%emt 0:00:52]} Rf5 {[%emt 0:00:33]} 40. Rc4 {[%emt 0:00:00]} Re5 {[%emt 0:00:00]} 41. Ra4 {[%emt 0:01:49]} Re7 {[%emt 0:00:18]} 42. Rc4 {[%emt 0:00:11]} e3 {[%emt 0:07:30]} 43. fxe3 {[%emt 0:00:40]} Rxe3 {[%emt 0:00:08]} 44. Ra4 {[%emt 0:00:57]} Re7 {[%emt 0:01:30]} 45. Kf3 {[%emt 0:00:44]} 1/2-1/2

[Event "XII Figueira da Foz Open 2018"]
[Site "Figueira da Foz"]
[Date "2018.11.04"]
[Round "9"]
[White "Louzao Brea, Jose Luis"]
[Black "Silva, Pedro Gil Ferreira "]
[Result "0-1"]
[WhiteElo "1835"]
[BlackElo "1837"]
[Annotator "NA RC"]
[PlyCount "72"]
[EventDate "2018.10.30"]
[EventType "swiss"]
[EventCountry "POR"]
[SourceTitle "playchess.com"]
[Source "ChessBase"]
[SourceQuality "1"]
[TimeControl "40/5400+30:1800+30"]

1. e4 {[%emt 0:07:43]} c6 {[%emt 0:00:00]} 2. d4 {[%emt 0:01:09]} d5 {[%emt 0:00:00]} 3. e5 {[%emt 0:00:51]} c5 {[%emt 0:00:00]} 4. c3 {[%emt 0:00:21]} Nc6 {[%emt 0:00:13]} 5. f4 {[%emt 0:02:25]} cxd4 {[%emt 0:03:57]} 6. cxd4 {[%emt 0:00:12]} Nh6 {[%emt 0:04:37]} 7. Nf3 {[%emt 0:02:08]} Bg4 {[%emt 0:01:04]} 8. Be2 {[%emt 0:07:44]} Bxf3 {[%emt 0:03:05]} 9. gxf3 {[%emt 0:04:21]} e6 {[%emt 0:03:15]} 10. Bb5 {[%emt 0:03:05]} Qb6 {[%emt 0:01:23]} 11. Nc3 {[%emt 0:02:55]} Nf5 {[%emt 0:02:51]} 12. Bxc6+ {[%emt 0:01:16]} bxc6 {[%emt 0:00:13]} 13. Ne2 {[%emt 0:00:19]} Be7 {[%emt 0:04:45]} 14. O-O {[%emt 0:09:11]} O-O {[%emt 0:04:29]} 15. Qd3 {[%emt 0:01:44]} Rfc8 {[%emt 0:03:20]} 16. b3 {[%emt 0:01:13]} c5 {[%emt 0:02:00]} 17. dxc5 {[%emt 0:01:11]} Qxc5+ {[%emt 0:03:12]} 18. Kh1 {[%emt 0:07:10]} Qc2 {[%emt 0:11:01]} 19. Rd1 {[%emt 0:01:07]} Qxd3 {[%emt 0:00:24]} 20. Rxd3 {[%emt 0:00:03]} Rc2 {[%emt 0:00:37]} 21. Ng3 {[%emt 0:04:16]} Rac8 {[%emt 0:01:32]} 22. Bd2 {[%emt 0:05:50]} Nh4 {[%emt 0:05:42]} 23. Nf1 {[%emt 0:05:49]} Ng6 {[%emt 0:12:04]} 24. b4 {[%emt 0:04:07]} R2c4 {[%emt 0:11:00]} 25. Ra3 {[%emt 0:11:05]} Bxb4 {[%emt 0:01:12]} 26. Bxb4 {[%emt 0:04:49]} Rxb4 {[%emt 0:00:20]} 27. f5 {[%emt 0:01:33]} Nxe5 {[%emt 0:01:04]} 28. fxe6 {[%emt 0:00:59]} fxe6 {[%emt 0:00:05]} 29. Re1 {[%emt 0:01:19]} Ng6 {[%emt 0:01:57]} 30. Rxa7 {[%emt 0:01:40]} d4 {[%emt 0:02:00]} 31. Kg2 {[%emt 0:03:45]} d3 {[%emt 0:00:52]} 32. Rd7 {[%emt 0:01:40]} Rb2+ {[%emt 0:01:10]} 33. Kg3 {[%emt 0:00:02]} Rcc2 {[%emt 0:03:29]} 34. f4 {[%emt 0:03:15]} Rg2+ {[%emt 0:00:18]} 35. Kf3 {[%emt 0:00:38]} Nh4+ {[%emt 0:00:32]} 36. Ke3 {[%emt 0:00:33]} Rbe2+ {[%emt 0:00:18]} 0-1